Technological changes in agriculture: (Record no. 19600)

MARC details
000 -LEADER
fixed length control field 00522nam a22001457a 4500
008 - FIXED-LENGTH DATA ELEMENTS--GENERAL INFORMATION
fixed length control field 230410b |||||||| |||| 00| 0 eng d
040 ## - CATALOGING SOURCE
Original cataloging agency National Science Library
Transcribing agency National Science Library
080 ## - UNIVERSAL DECIMAL CLASSIFICATION NUMBER
Universal Decimal Classification number 338:].001.6/.8
Item number M0
245 ## - TITLE STATEMENT
Title Technological changes in agriculture:
Remainder of title Impact on productivity and employment
Statement of responsibility, etc. / Birla Institute of Scientific Research
260 ## - PUBLICATION, DISTRIBUTION, ETC.
Place of publication, distribution, etc. New Delhi:
Name of publisher, distributor, etc. Vision Books,
Date of publication, distribution, etc. 1980
300 ## - PHYSICAL DESCRIPTION
Extent xi, 170p.
650 ## - SUBJECT ADDED ENTRY--TOPICAL TERM
Topical term or geographic name entry element Agricultural innovations
653 ## - INDEX TERM--UNCONTROLLED
Uncontrolled term Farm mechanization
942 ## - ADDED ENTRY ELEMENTS (KOHA)
Source of classification or shelving scheme Universal Decimal Classification
Koha item type Books
Holdings
Withdrawn status Lost status Source of classification or shelving scheme Damaged status Not for loan Home library Current library Shelving location Date acquired Total Checkouts Full call number Barcode Date last seen Price effective from Koha item type
    Universal Decimal Classification     National Science Library National Science Library GF/Rk-5/C-7/R-1 06/03/1981   338:].001.6/.8 M0 91224 10/04/2023 06/03/1981 Books